J. A. Endres: Geschichte d. mittelalterlichen Philosophie könyvismertetés

Elmentve itt :
Bibliográfiai részletek
Szerző: cz.
Adatforrás:Philobibl
Forrásdokumentuma:A Magyar Filozófiai Társaság Közleményei
9.1909:3. p. 218-.
Dokumentumtípus: Cikk
Nyelv:magyar
Megjelent: 1909
LEADER 00355nab a2200109 c 4500
001 bibPHI0034735
005 20200924123359.3
008 090701s1909 hu hun
100 1 |a cz. 
245 1 0 |a J. A. Endres: Geschichte d. mittelalterlichen Philosophie  |b könyvismertetés  |c cz. 
260 |a 1909 
773 0 |t A Magyar Filozófiai Társaság Közleményei  |g 9.1909:3. p. 218-.